000 00544nam a22001817a 4500
005 20240920135057.0
008 240918b |||||||| |||| 00| 0 eng d
020 _a978-93-87880-72-6
041 _aeng
082 _a615
100 _aMANIVANNAN, DR. R. & SINGH, DR. BRIJESH & PATEL, DR. YOGESH, AND KUMAR KANTILAL
_98528
245 _aPHARMACEUTICAL MICROBIOLOGY [B.PHARMA, 3RD. SEMESTER ]
250 _a2ND. ED. 2023
260 _aLUCKNOW
_bTHAKUR PUBLICATION PVT.LTD
300 _a288;P
650 _aPHARMACY
_xB.PHARMA
942 _cBK
999 _c8657
_d8655